Statistiken für Frankfurter U-Bahn Stationen

Klicken Sie hier um das Quiz zu spielen!

Allgemein

  • Dieses Quiz wurde 53 mal gespielt
  • Das Durchschnittsergebnis liegt bei 24 aus 86

Antwortstatistiken

Antwort% Korrekt
Hauptwache
91%
Konstablerwache
88%
Hauptbahnhof
76%
Südbahnhof
74%
Bockenheimer Warte
71%
Festhalle/Messe
68%
Dom/Römer
65%
Zoo
65%
Ostbahnhof
62%
Ginnheim
59%
Dornbusch
56%
Alte Oper
50%
Schweizer Platz
50%
Eschenheimer Tor
47%
Grüneburgweg
47%
Willy-Brandt-Platz
47%
Eissporthalle/Festplatz
44%
Miquel-/Adickesallee/Polizeipräsidium
44%
Riedberg
44%
Westend
44%
Weißer Stein
41%
Bornheim Mitte
38%
Enkheim
38%
Hausen
38%
Heddernheim
38%
Holzhausenstraße
38%
Leipziger Straße
35%
Nordwestzentrum
35%
Seckbacher Landstraße
35%
Heerstraße
32%
Merianplatz
32%
Fritz-Tarnow-Straße
29%
Gwinnerstraße
29%
Höhenstraße
29%
Hessen-Center
26%
Hügelstraße
26%
Industriehof
26%
Parlamentsplatz
26%
Preungesheim
26%
Gonzenheim
24%
Habsburgerallee
24%
Heddernheimer Landstraße
24%
Hohemark
24%
Kirchplatz
24%
Nieder-Eschbach
24%
Johanna-Tesch-Platz
21%
Kalbach
21%
Lindenbaum
21%
Musterschule
21%
Niddapark
21%
Fischstein
18%
Kruppstraße
18%
Niederursel
18%
Uni Campus Riedberg
18%
Zeilweg
18%
Bonames Mitte
15%
Deutsche Nationalbibliothek
15%
Hauptfriedhof
15%
Römerstadt
15%
Schäfflestraße
15%
Oberursel Bahnhof
12%
Sandelmühle
12%
Glauburgstraße
9%
Große Nelkenstraße
9%
Hausener Weg
9%
Ober-Eschbach
9%
Riedwiese/Mertonviertel
9%
Bommersheim
6%
Eckenheimer Landstraße/Marbachweg
6%
Friedhof Westhausen
6%
Kupferhammer
6%
Lahnstraße
6%
Oberursel Altstadt
6%
Oberursel Stadtmitte
6%
Waldlust
6%
Weißkirchen Ost
6%
Wiesenau
6%
Glöcknerwiese
3%
Marbachweg/Sozialzentrum
3%
Neuer Jüdischer Friedhof
3%
Ronneburgstraße
3%
Rosengärtchen
3%
Stephan-Heise-Straße
3%
Gießener Straße
0%
Sigmund-Freud-Straße
0%
Theobald-Ziegler-Straße
0%

Verteilung der Resultate

Perzentil nach korrekt beantworteten Fragen

Anzahl Personen mit jedem Resultat

Ihre Resultats-Entwicklung

Sie haben dieses Quiz noch nicht gespielt